|
|
|
|
| LEADER |
01060nam a22002772a 4500 |
| 001 |
000095555 |
| 003 |
CZ BrMZK |
| 005 |
20160810122020.0 |
| 008 |
960707s1994 xr f cze d |
| 015 |
|
|
|a cnb000089093
|
| 035 |
|
|
|a (OCoLC)39566585
|
| 040 |
|
|
|a BOA001
|b cze
|
| 080 |
|
|
|a 372.891(076):373.3
|2 MRF
|
| 100 |
1 |
|
|a Braun, Richard
|7 mzk2003190568
|
| 245 |
1 |
0 |
|a Afrika, Austrálie a Antarktida :
|b metodická příručka k učebnici zeměpisu pro základní školy /
|c Richard Braun, Pavel Červinka
|
| 250 |
|
|
|a 2. vyd.
|
| 260 |
|
|
|a Praha :
|b Scientia,
|c 1994
|
| 300 |
|
|
|a 47 s.
|
| 490 |
1 |
|
|a Učebnice pro základní školy
|
| 700 |
1 |
|
|a Červinka, Pavel,
|d 1959-
|7 jn20000403040
|
| 830 |
|
0 |
|a Učebnice pro základní školy (Scientia)
|0 s
|
| 910 |
|
|
|a BOA001
|b PK-0122.057
|
| 964 |
|
|
|a Zeměpis - metodiky - školy základní
|
| 990 |
|
|
|a BK
|
| 996 |
7 |
|
|b 3119968708
|c PK-0122.057
|l MZK
|r Sklad / do 1 hodiny
|n 2
|w 000095555
|u 000010
|a 1
|e BOA001
|j MZK50
|s A
|
| 996 |
7 |
|
|b 3119968709
|c PK-0122.057
|l MZK
|r Sklad / do 1 hodiny
|n 1
|w 000095555
|u 000020
|a 1
|e BOA001
|j MZK50
|s A
|